Kỹ thuật điện Đã được hội đồng thẩm định sách của Bộ GD & ĐT giới thiệu làm sách dùng chung cho các trường ĐHSP

Tallennettuna:
Bibliografiset tiedot
Päätekijä: Khổng Đình Hồng
Muut tekijät: Nguyễn Ngọc Trang (tác giả), Phan Trần Hùng (tác giả)
Aineistotyyppi: Kirja
Julkaistu: H. Giáo dục 1986
Sarja:Sách đại học sư phạm
Aiheet:
Tagit: Lisää tagi
Ei tageja, Lisää ensimmäinen tagi!
Thư viện lưu trữ: Trung tâm Học liệu Lê Vũ Hùng, Trường Đại học Đồng Tháp
LEADER 00994pam a22002418a 4500
001 00022161
005 20171026081023.0
008 110528s1986 ||||||Viesd
041 0 # |a Vie 
082 1 4 |a 621.3  |b K600TH 
100 0 # |a Khổng Đình Hồng 
245 0 0 |a Kỹ thuật điện  |b Đã được hội đồng thẩm định sách của Bộ GD & ĐT giới thiệu làm sách dùng chung cho các trường ĐHSP  |c Khổng Đình Hồng, Nguyễn Ngọc Trang, Phan Trần Hùng 
260 # # |a H.  |b Giáo dục  |c 1986 
300 # # |a 132 tr.  |c 27 cm. 
490 # # |a Sách đại học sư phạm 
650 # 4 |a Kỹ thuật điện 
653 # # |a Giáo trình 
700 0 # |a Nguyễn Ngọc Trang  |e tác giả 
700 0 # |a Phan Trần Hùng  |e tác giả 
852 # # |b Kho đọc  |j KD.0007944 
852 # # |j KD.0007944 
910 0 # |a nhnam  |d 28/05/2011 
980 # # |a Trung tâm Học liệu Lê Vũ Hùng, Trường Đại học Đồng Tháp